Congreso argentino de educación. (Record no. 10900)
[ view plain ]
| 000 -CABECERA | |
|---|---|
| campo de control de longitud fija | 00593nam a2200181 a 4500 |
| 005 - FECHA Y HORA DE LA ÚLTIMA TRANSACCIÓN | |
| campo de control | 20250111063821.0 |
| 008 - ELEMENTOS DE LONGITUD FIJA--INFORMACIÓN GENERAL | |
| campo de control de longitud fija | 991125s1938 ag 000 0 spa u |
| 035 ## - NÚMERO DE CONTROL DEL SISTEMA | |
| Número de control de sistema | UPN01000010900 |
| 049 ## - COLECCIÓN | |
| Colección | CE |
| 050 #4 - SIGNATURA TOPOGRÁFICA DE LA BIBLIOTECA DEL CONGRESO | |
| Número de clasificación | LA546 |
| Número de documento/Ítem | C6.2 1938 |
| 111 2# - ASIENTO PRINCIPAL--NOMBRE DE REUNION | |
| Nombre de congreso/reunión o jurisdicción como elemento de entrada | Congreso Argentino de Educación |
| Fecha del congreso/reunión | (1938 : |
| Sede del congreso/Lugar de la reunión | San Juan, Argentina) |
| 9 (RLIN) | 28349 |
| 245 10 - MENCIÓN DE TÍTULO | |
| Título | Congreso argentino de educación. |
| 260 ## - PUBLICACIÓN, DISTRIBUCIÓN, ETC. | |
| Lugar de publicación, distribución, etc. | San Juan [Arg.] : |
| Nombre del editor, distribuidor, etc. | Impr. N. Uribe Yanzón, |
| Fecha de publicación, distribución, etc. | 1938. |
| 300 ## - DESCRIPCIÓN FÍSICA | |
| Extensión | viii, 400 p. : |
| Otras características físicas | il. |
| 600 14 - ASIENTO SECUNDARIO DE MATERIA - NOMBRE PERSONAL | |
| Nombre de persona | SARMIENTO, DOMINGO FAUSTINO, |
| Fechas asociadas al nombre | 1811-1888 |
| 650 #4 - ASIENTO SECUNDARIO DE MATERIA - TERMINO TEMATICO | |
| Término de materia o nombre geográfico como elemento de entrada | Educación |
| Subdivisión geográfica | Argentina |
| Subdivisión de forma | Congresos |
| 9 (RLIN) | 14717 |
| 905 ## - TIPO DE MATERIAL | |
| Tipo de material | Libro |
| Estado de retiro | Estado de pérdida | Fuente del sistema de clasificación o colocación | Estado dañado | No para préstamo | Código de colección | Localización permanente | Ubicación/localización actual | Ubicación en estantería | Total de préstamos | Clasificación | Código de barras | Fecha visto por última vez | Número de copia | Tipo de ítem Koha |
|---|---|---|---|---|---|---|---|---|---|---|---|---|---|---|
| Library of Congress Classification | Coleccion Esp. | Colección Especial | Bib. Gregorio Torres Quintero | Bib. Gregorio Torres Quintero | Colección Especial | LA546 C6.2 1938 | 44337 | 31/12/2020 | 1 | Libro |
